01297nam a2200325 a 4500008004100000020001500041041000800056100001900064245003900083250004000122260003000162300001100192500007400203653001900277653005100296653005800347653006000405653003200465653002600497653005500523653004200578653004200620653005000662653005200712653004100764653006100805653003200866653004200898653003100940110907s1983 sp # f |||| 001 0 spa d a8485860055 aspa1 aClavreul, Jean 3aEl orden médico /cJean Clavreul a1a ed.bTraducción Marta Vassallo aBarcelona:bArgot;c1983. a320 p. aClavreul, J. (1983). El orden médico. (1a ed.). Barcelona : Argot.  aOrden médico aMedicina. Ciencias positicas. Ciencias humanas aOrigenes de la medicina. Mitologías del positivismo aMedicina como discurso. Poder e impotencia del discurso aDiscurso del Maestro de Cos aExclusión del deseo aObjeto de la medicina define el deseo del médico aEnfermedad como objeto de la medicina aSer sufriente a la espera. El enfermo aDiscurso médico y discurso psicoanalítico aClínica médica y clínica psicoanalítica aSemiología clínica y semiótica aEfectos del discurso médico: una ética en cuestión aIdeología a deontología aOrden científico y orden jurídico aClínica psicoanalítica